00726nab a2200217 uc450000100070000000500170000700800410002403500110006503500210007604000130009704100080011010000370011824500790015565000200023465000360025465000160029065000300030670000300033670000270036677301150039339237420260207100145.0990504e19980601 spa  a392374 a(OCoLC)819779977 ccomduadb aspa10aGonzalez Cortes, M. A.4auteaut10aAplicacion del sistema ARCP en una cofradia de pesca artesanal en Canarias aPesca artesanal 7aEvaluación de riesgos2armarc aAutocontrol aIslas Canarias (España)10aEstupiñan, S.4auteaut10aMillan, Rene4auteaut0 tAlimentación, Equipos y Tecnología (Madrid)gVol. 17, No. 05, Jun. 1998, p. 123-130w6916x0212-168903171